[Event "Sao Sebastiao op"]
[Site "Sao Sebastiao do Paraiso"]
[Date "2013.10.04"]
[Round "2"]
[White "Dias da Silva, Adriano"]
[Black "Freire, Airon"]
[Result "1-0"]
[WhiteElo "1991"]
[BlackElo "1782"]
[PlyCount "105"]
[EventDate "2013.10.04"]
[EventType "swiss"]
[EventRounds "6"]
[EventCountry "BRA"]
[SourceTitle "EXT 2014"]
[Source "ChessBase"]
[SourceDate "2013.11.20"]
[SourceVersion "1"]
[SourceVersionDate "2013.11.20"]
[SourceQuality "1"]

1. e4 c5 2. c3 g6 3. d4 cxd4 4. cxd4 d5 5. e5 Bg7 6. Nc3 Nh6 7. Nf3 Bg4 8. h3 Bxf3 9. Qxf3 e6 10. g4 0-0 11. Qd3 f6 12. exf6 Qxf6 13. Be3 Nf7 14. Bg2 Nc6 15. Rd1 Rad8 16. 0-0 Nd6 17. b3 Nb4 18. Qd2 a5 19. Bg5 Qf7 20. Bxd8 Rxd8 21. Rfe1 Nc6 22. Qe3 Re8 23. Rd2 Qf8 24. Red1 Bh6 25. g5 Nf5 26. Qf4 Bg7 27. Ne2 Ncxd4 28. Nxd4 Bxd4 29. Qg4 Bc3 30. Rd3 Bb4 31. h4 Qc5 32. h5 Kg7 33. h6+ Kg8 34. Qf4 Rf8 35. Bh3 Qd6 36. Qxd6 Bxd6 37. Rf3 Rc8 38. Bxf5 gxf5 39. Kg2 Kf7 40. Re3 Kf8 41. Kf3 f4 42. Re2 Kf7 43. Kg4 Rf8 44. f3 Ke7 45. Rxd5 Kd7 46. Rxa5 e5 47. Rd5 Kc6 48. Rd1 b6 49. Red2 Bc5 50. Rd7 Rh8 51. Rf7 Bd4 52. Kf5 Kd6 53. a4 1-0

[Event "Mogi das Cruzes op 09"]
[Site "Mogi das Cruzes"]
[Date "2013.09.26"]
[Round "1"]
[White "Dias da Silva, Adriano"]
[Black "Perdomo, Leandro Daniel"]
[Result "0-1"]
[WhiteElo "1995"]
[BlackElo "2391"]
[PlyCount "38"]
[EventDate "2013.09.26"]
[EventType "swiss"]
[EventRounds "7"]
[EventCountry "BRA"]
[SourceTitle "CBM 156 Extra"]
[Source "ChessBase"]
[SourceDate "2013.10.22"]
[SourceVersion "1"]
[SourceVersionDate "2013.10.22"]
[SourceQuality "1"]

1. e4 c5 2. c3 g6 3. d4 cxd4 4. cxd4 d5 5. e5 Bg7 6. f4 Nh6 7. Nf3 Bg4 8. Bb5+ Nc6 9. h3 Bxf3 10. Qxf3 Nf5 11. Qd3 Qb6 12. Nc3 Qxd4 13. Nxd5 0-0-0 14. Qxd4 Ncxd4 15. Bc4 b5 16. Bb3 Nxb3 17. Nxe7+ Nxe7 18. axb3 Kb7 19. Be3 a6 0-1

[Event "Americana Paulista op"]
[Site "Americana"]
[Date "2013.09.21"]
[Round "3"]
[White "Yoshioka, Hugo"]
[Black "Dias da Silva, Adriano"]
[Result "0-1"]
[WhiteElo "1512"]
[BlackElo "1995"]
[PlyCount "94"]
[EventDate "2013.09.20"]
[EventType "swiss"]
[EventRounds "6"]
[EventCountry "BRA"]
[SourceTitle "CBM 156 Extra"]
[Source "ChessBase"]
[SourceDate "2013.10.22"]
[SourceVersion "1"]
[SourceVersionDate "2013.10.22"]
[SourceQuality "1"]

1. d4 Nf6 2. c4 e5 3. dxe5 Ng4 4. Nc3 Nc6 5. e3 Ngxe5 6. Nf3 Bb4 7. Bd2 a5 8. Be2 0-0 9. a3 Bc5 10. 0-0 Nxf3+ 11. Bxf3 Ne5 12. Ne4 Be7 13. Rc1 d6 14. Qe2 Be6 15. Ng3 Nxf3+ 16. Qxf3 d5 17. cxd5 Bxd5 18. Qe2 Qd7 19. e4 Bc6 20. Nf5 Bf6 21. Bc3 Qe6 22. Bxf6 Qxf6 23. Rc3 Rfe8 24. Re3 g6 25. Nh6+ Kg7 26. Ng4 Qe6 27. e5 Qd5 28. Qf3 Qxf3 29. gxf3 Rad8 30. Rfe1 Rd2 31. Rb1 Red8 32. Kg2 Rc2 33. b4 axb4 34. axb4 Rdd2 35. b5 Bd5 36. Kg3 Be6 37. Rf1 Bc4 38. Rb1 h5 39. Nf6 Rxf2 40. h3 Be6 41. Ne8+ Kh6 42. h4 Bf5 43. Rg1 Rh2 44. Nf6 Rh3+ 45. Kf4 Rxh4+ 46. Kg3 g5 47. Rh1 Rxh1 0-1

[Event "Americana Paulista op"]
[Site "Americana"]
[Date "2013.09.20"]
[Round "1"]
[White "Matsuura, Everaldo"]
[Black "Dias da Silva, Adriano"]
[Result "1-0"]
[WhiteElo "2488"]
[BlackElo "1995"]
[PlyCount "45"]
[EventDate "2013.09.20"]
[EventType "swiss"]
[EventRounds "6"]
[EventCountry "BRA"]
[SourceTitle "CBM 156 Extra"]
[Source "ChessBase"]
[SourceDate "2013.10.22"]
[SourceVersion "1"]
[SourceVersionDate "2013.10.22"]
[SourceQuality "1"]

1. d4 Nf6 2. Nf3 e6 3. c4 b6 4. a3 Bb7 5. Nc3 Be7 6. d5 0-0 7. e4 d6 8. Bd3 c6 9. 0-0 cxd5 10. exd5 e5 11. b4 Nfd7 12. Qc2 g6 13. Bh6 Re8 14. Rfe1 Bf8 15. Bg5 Be7 16. h4 f5 17. Nb5 Nf6 18. c5 bxc5 19. bxc5 Bxd5 20. cxd6 Bxd6 21. Bc4 Be7 22. Bxf6 Bxf6 23. Rad1 1-0

[Event "Sao Paulo IRT op 3rd"]
[Site "Sao Paulo"]
[Date "2013.09.07"]
[Round "3"]
[White "Dias da Silva, Adriano"]
[Black "Vieira, Alexandre Letizio"]
[Result "1-0"]
[WhiteElo "1995"]
[BlackElo "1691"]
[PlyCount "105"]
[EventDate "2013.09.06"]
[EventType "swiss"]
[EventRounds "6"]
[EventCountry "BRA"]
[SourceTitle "CBM 156 Extra"]
[Source "ChessBase"]
[SourceDate "2013.10.22"]
[SourceVersion "1"]
[SourceVersionDate "2013.10.22"]
[SourceQuality "1"]

1. e4 c5 2. c3 Nf6 3. e5 Nd5 4. d4 e6 5. c4 Nb4 6. d5 d6 7. a3 N4a6 8. Bf4 dxe5 9. Bxe5 Nd7 10. Bg3 Nf6 11. Nc3 Bd6 12. dxe6 Bxg3 13. exf7+ Kxf7 14. hxg3 Re8+ 15. Be2 Qa5 16. Nf3 Bg4 17. Kf1 Rad8 18. Qc2 Nb4 19. Qb1 Bxf3 20. gxf3 Nc6 21. b4 cxb4 22. axb4 Qe5 23. Ne4 Rd2 24. c5 Rxe2 25. Kxe2 Nxe4 26. fxe4 Qf5 27. f4 Rxe4+ 28. Kf2 Qe6 29. Qa2 Rxb4 30. Qxe6+ Kxe6 31. Rxh7 Kf6 32. Rd1 Nd4 33. Rd2 a5 34. Rh1 Nb3 35. Rd6+ Ke7 36. Rg6 Nxc5 37. Rxg7+ Kf6 38. Rc7 Na6 39. Rc3 a4 40. Rh5 Nb8 41. Rh6+ Kg7 42. Re6 Nc6 43. Rd3 Kf7 44. f5 Nd4 45. Re5 b5 46. g4 Nb3 47. g5 Rd4 48. Rde3 Rd7 49. Rh3 Rd2+ 50. Ke1 Rg2 51. Rh7+ Kf8 52. g6 a3 53. Rf7+ 1-0

[Event "Ribeira Valley op 9th"]
[Site "Registro"]
[Date "2013.08.02"]
[Round "8"]
[White "Montufar Berrios, Lesly Viviane"]
[Black "Dias da Silva, Adriano"]
[Result "0-1"]
[WhiteElo "1776"]
[BlackElo "2005"]
[PlyCount "114"]
[EventDate "2013.07.30"]
[EventType "swiss"]
[EventRounds "9"]
[EventCountry "BRA"]
[SourceTitle "CBM 155 Extra"]
[Source "ChessBase"]
[SourceDate "2013.08.26"]
[SourceVersion "1"]
[SourceVersionDate "2013.08.26"]
[SourceQuality "1"]

1. c4 Nf6 2. Nc3 g6 3. Nf3 Bg7 4. d4 d5 5. cxd5 Nxd5 6. e4 Nxc3 7. bxc3 c5 8. Bb2 cxd4 9. cxd4 Nc6 10. Qd2 0-0 11. d5 Bxb2 12. Qxb2 Qa5+ 13. Qd2 Qxd2+ 14. Kxd2 Rd8 15. Kc2 Na5 16. Be2 e6 17. dxe6 Bxe6 18. Rhc1 b5 19. Rab1 Bc4 20. Bxc4 Nxc4 21. Kc3 Rac8 22. Kb3 Rd3+ 23. Kc2 Ne5+ 24. Kb2 Rxc1 25. Kxc1 Nxf3 26. gxf3 Rxf3 27. Rxb5 Rxf2 28. Ra5 Rxh2 29. a4 h5 30. Rxa7 Re2 31. a5 Rxe4 32. a6 h4 33. Rd7 Ra4 34. a7 Kg7 35. Rd4 Rxa7 36. Rxh4 Rd7 37. Kc2 g5 38. Rg4 Kg6 39. Ra4 f5 40. Ra6+ Kh5 41. Ra8 f4 42. Rh8+ Kg4 43. Kc3 Kg3 44. Kc4 f3 45. Rf8 g4 46. Kc5 Kg2 47. Kc6 Rd1 48. Kc5 f2 49. Kc4 f1Q+ 50. Rxf1 Kxf1 51. Kc3 g3 52. Kc2 Ke2 53. Kc3 g2 54. Kc4 g1Q 55. Kb5 Rc1 56. Kb4 Qb6+ 57. Ka3 Ra1# 0-1

[Event "Ribeira Valley op 9th"]
[Site "Registro"]
[Date "2013.08.01"]
[Round "6"]
[White "Schwertner, Joao Victor Moreir"]
[Black "Dias da Silva, Adriano"]
[Result "0-1"]
[WhiteElo "1663"]
[BlackElo "2005"]
[PlyCount "80"]
[EventDate "2013.07.30"]
[EventType "swiss"]
[EventRounds "9"]
[EventCountry "BRA"]
[SourceTitle "CBM 155 Extra"]
[Source "ChessBase"]
[SourceDate "2013.08.26"]
[SourceVersion "1"]
[SourceVersionDate "2013.08.26"]
[SourceQuality "1"]

1. e4 e5 2. Nf3 Nc6 3. Bb5 Nf6 4. 0-0 Nxe4 5. Re1 Nd6 6. Bxc6 dxc6 7. Nxe5 Be7 8. b3 0-0 9. Bb2 Bf5 10. Nc3 Bf6 11. Nf3 Bg4 12. h3 Bh5 13. Rb1 Re8 14. g4 Bg6 15. d3 h5 16. Rxe8+ Nxe8 17. Ne2 Bxb2 18. Rxb2 hxg4 19. hxg4 Qf6 20. Ned4 c5 21. g5 Qf4 22. Nb5 Bh5 23. Kg2 Qg4+ 24. Kh2 Qxf3 25. Qxf3 Bxf3 26. Rb1 Nd6 27. Nc3 Re8 28. Kg3 Bc6 29. Kf4 Nb5 30. Na4 b6 31. Rc1 Re2 32. Kg3 Nd4 33. c3 Ne6 34. c4 Bxa4 35. bxa4 Rxa2 36. f4 Rxa4 37. Kg4 Ra2 38. Kf3 Nd4+ 39. Ke4 Re2+ 40. Kd5 Re6 0-1

[Event "Sao Bernardo do Campo op"]
[Site "Sao Bernardo do Campo"]
[Date "2013.05.26"]
[Round "5"]
[White "De Souza, Cristiano Gomes"]
[Black "Dias da Silva, Adriano"]
[Result "1-0"]
[WhiteElo "1926"]
[BlackElo "2036"]
[PlyCount "87"]
[EventDate "2013.05.24"]
[EventType "swiss"]
[EventRounds "6"]
[EventCountry "BRA"]
[SourceTitle "CBM 154 Extra"]
[Source "ChessBase"]
[SourceDate "2013.06.25"]
[SourceVersion "2"]
[SourceVersionDate "2013.06.25"]
[SourceQuality "1"]

1. d4 Nf6 2. c4 e5 3. dxe5 Ng4 4. Bf4 g5 5. Bd2 Nc6 6. Nf3 h6 7. Bc3 Bg7 8. e3 Ngxe5 9. Nxe5 Nxe5 10. f4 Nxc4 11. Bxc4 0-0 12. 0-0 d6 13. Bxg7 Kxg7 14. Nc3 c6 15. Qd4+ f6 16. Rad1 d5 17. e4 Bg4 18. Be2 Bxe2 19. Nxe2 dxe4 20. fxg5 hxg5 21. Qd7+ Qxd7 22. Rxd7+ Rf7 23. Rfd1 Raf8 24. Ng3 Kg6 25. Nxe4 Rxd7 26. Rxd7 Re8 27. Nd2 b5 28. Kf2 a5 29. Rd6 c5 30. Rd5 Rc8 31. Ne4 a4 32. Rxc5 Re8 33. Kf3 f5 34. Rxf5 b4 35. Rxg5+ Kh6 36. h4 Rc8 37. Rc5 Rf8+ 38. Kg4 Rf1 39. Ng5 Rf2 40. g3 Rxb2 41. Rc7 Rd2 42. Rh7+ Kg6 43. h5+ Kf6 44. Ne4+ 1-0

[Event "Rio Claro IRT op 2nd"]
[Site "Rio Claro"]
[Date "2013.04.28"]
[Round "5"]
[White "Dias da Silva, Adriano"]
[Black "Coelho, Tatiane Cristina"]
[Result "1/2-1/2"]
[WhiteElo "2021"]
[BlackElo "1806"]
[PlyCount "91"]
[EventDate "2013.04.26"]
[EventType "swiss"]
[EventRounds "6"]
[EventCountry "BRA"]
[SourceTitle "CBM 154 Extra"]
[Source "ChessBase"]
[SourceDate "2013.06.25"]
[SourceVersion "2"]
[SourceVersionDate "2013.06.25"]
[SourceQuality "1"]

1. e4 d5 2. exd5 Nf6 3. c4 e6 4. dxe6 Bxe6 5. d4 Bb4+ 6. Bd2 Qe7 7. Qe2 Nc6 8. Nf3 Bxd2+ 9. Nbxd2 Nb4 10. Kd1 c6 11. a3 Na6 12. Qe5 0-0 13. Bd3 Nc7 14. Re1 Rfe8 15. Kc2 Rad8 16. Rad1 Qd7 17. Qf4 Nh5 18. Qh4 Nf6 19. h3 Bf5 20. Rxe8+ Rxe8 21. Ne5 Rxe5 22. Qf4 Bxd3+ 23. Kxd3 Qf5+ 24. Qxf5 Rxf5 25. Re1 Kf8 26. Re2 Ne6 27. g3 h5 28. b4 Ng5 29. f4 Ne6 30. Nf3 g5 31. Re5 Rxe5 32. fxe5 g4 33. hxg4 Nxg4 34. d5 Ng7 35. Ke4 Nf2+ 36. Kf4 Nd3+ 37. Ke4 Nb2 38. dxc6 bxc6 39. Nd4 Nxc4 40. Nxc6 Nxa3 41. Nxa7 Ke7 42. b5 Kd7 43. b6 Nc4 44. b7 Kc7 45. Nc6 Kxb7 46. Nd8+ 1/2-1/2

[Event "Rio Claro IRT op 2nd"]
[Site "Rio Claro"]
[Date "2013.04.27"]
[Round "4"]
[White "Januario, Marcos Antonio"]
[Black "Dias da Silva, Adriano"]
[Result "0-1"]
[WhiteElo "1767"]
[BlackElo "2021"]
[PlyCount "93"]
[EventDate "2013.04.26"]
[EventType "swiss"]
[EventRounds "6"]
[EventCountry "BRA"]
[SourceTitle "CBM 154 Extra"]
[Source "ChessBase"]
[SourceDate "2013.06.25"]
[SourceVersion "2"]
[SourceVersionDate "2013.06.25"]
[SourceQuality "1"]

1. d4 Nf6 2. c4 e5 3. dxe5 Ng4 4. Bf4 g5 5. Bg3 Bg7 6. e4 Nxe5 7. Nf3 Nbc6 8. Nxe5 Nxe5 9. Nc3 d6 10. h3 Be6 11. Be2 0-0 12. Nd5 f5 13. exf5 Bxf5 14. Ne3 Be4 15. 0-0 Ng6 16. Bd3 Qe8 17. Bxe4 Qxe4 18. Qd5+ Qxd5 19. Nxd5 Rf7 20. Rab1 Re8 21. Ne3 Nf4 22. Rfe1 Rfe7 23. Kf1 Nd3 24. Re2 Nc5 25. Rc2 Ne4 26. Nd5 Rf7 27. Bh2 Bd4 28. f3 c6 29. Nc3 Nxc3 30. bxc3 Bc5 31. Rd2 Re6 32. Rbd1 Rff6 33. a4 h5 34. Re2 Kf7 35. Rxe6 Rxe6 36. Re1 Rxe1+ 37. Kxe1 Ke6 38. Ke2 d5 39. cxd5+ Kxd5 40. Kd3 b5 41. axb5 cxb5 42. f4 Bd6 43. g3 h4 44. fxg5 hxg3 45. Bg1 g2 46. Ke2 a5 47. g6 0-1

[Event "Rio Claro IRT op 2nd"]
[Site "Rio Claro"]
[Date "2013.04.26"]
[Round "2"]
[White "Languidey, Simon Alejandro"]
[Black "Dias da Silva, Adriano"]
[Result "1-0"]
[WhiteElo "2270"]
[BlackElo "2021"]
[PlyCount "80"]
[EventDate "2013.04.26"]
[EventType "swiss"]
[EventRounds "6"]
[EventCountry "BRA"]
[SourceTitle "CBM 154 Extra"]
[Source "ChessBase"]
[SourceDate "2013.06.25"]
[SourceVersion "2"]
[SourceVersionDate "2013.06.25"]
[SourceQuality "1"]

1. e4 e5 2. Nf3 Nc6 3. Bb5 Nf6 4. d3 d6 5. 0-0 Be7 6. Re1 a6 7. Bxc6+ bxc6 8. d4 Nd7 9. dxe5 Nxe5 10. Nxe5 dxe5 11. Qh5 Qd6 12. Bg5 Qd7 13. h3 Qe6 14. Nd2 Qg6 15. Qh4 Bxh3 16. Qxh3 Qxg5 17. Nc4 0-0 18. Rad1 Rad8 19. Rd3 Bc5 20. Rg3 Qf6 21. Rf3 Qe7 22. Qh5 f6 23. Rh3 g5 24. Qe2 Qe6 25. c3 Rf7 26. g4 Rg7 27. Kg2 Kf7 28. Reh1 Kg8 29. Rh6 Rdd7 30. b3 Rg6 31. R6h3 Rgg7 32. Qf3 Rg6 33. Rh5 Bf8 34. Qh3 h6 35. Qf3 Rh7 36. Ne3 Rd7 37. Nf5 Rh7 38. Qd3 c5 39. Re1 a5 40. Qb5 c6 1-0

[Event "Rio de Janeiro Regional Sudeste"]
[Site "Rio de Janeiro"]
[Date "2013.03.31"]
[Round "5"]
[White "Silva, Vitor De Souza Mart"]
[Black "Dias da Silva, Adriano"]
[Result "1/2-1/2"]
[WhiteElo "1997"]
[BlackElo "2021"]
[PlyCount "67"]
[EventDate "2013.03.29"]
[EventType "swiss"]
[EventRounds "6"]
[EventCountry "BRA"]
[SourceTitle "CBM 153 Extra"]
[Source "ChessBase"]
[SourceDate "2013.04.22"]
[SourceVersion "1"]
[SourceVersionDate "2013.04.22"]
[SourceQuality "1"]

1. Nf3 Nf6 2. g3 g6 3. Bg2 Bg7 4. 0-0 0-0 5. d3 d5 6. Nbd2 Nbd7 7. c3 e5 8. e4 c6 9. Re1 Re8 10. Nf1 b6 11. Bg5 h6 12. Bd2 dxe4 13. dxe4 Nc5 14. Qc2 Ba6 15. c4 Qd3 16. Rac1 Rad8 17. Bc3 Qxc2 18. Rxc2 Nd3 19. Rd1 Ng4 20. b3 b5 21. Ne1 bxc4 22. Nxd3 Rxd3 23. Rxd3 cxd3 24. Rd2 c5 25. f3 Nf6 26. Ne3 Nd7 27. Bf1 Nb6 28. Bxd3 Bxd3 29. Rxd3 f6 30. Rd6 Kf7 31. Ba5 Bf8 32. Rc6 Rc8 33. Rxc8 Nxc8 34. Nd5 1/2-1/2

[Event "Rio de Janeiro Regional Sudeste"]
[Site "Rio de Janeiro"]
[Date "2013.03.29"]
[Round "1"]
[White "Dias da Silva, Adriano"]
[Black "Noseda, Francesco"]
[Result "0-1"]
[WhiteElo "2021"]
[BlackElo "1795"]
[PlyCount "114"]
[EventDate "2013.03.29"]
[EventType "swiss"]
[EventRounds "6"]
[EventCountry "BRA"]
[SourceTitle "CBM 153 Extra"]
[Source "ChessBase"]
[SourceDate "2013.04.22"]
[SourceVersion "1"]
[SourceVersionDate "2013.04.22"]
[SourceQuality "1"]

1. e4 c5 2. c3 d5 3. exd5 Qxd5 4. d4 Nf6 5. dxc5 Qxc5 6. Be3 Qc7 7. Na3 a6 8. Nf3 e5 9. Nc4 Nbd7 10. Be2 b5 11. Ncd2 Bb7 12. 0-0 Nd5 13. Bg5 h6 14. Bh4 Nf4 15. Bg3 Nxe2+ 16. Qxe2 f6 17. Nd4 Kf7 18. c4 Qb6 19. N4b3 Be7 20. Kh1 Rhd8 21. f4 exf4 22. Rae1 Bd6 23. Qe6+ Kf8 24. Bxf4 Bxf4 25. Qxb6 Nxb6 26. Rxf4 Re8 27. Rxe8+ Rxe8 28. cxb5 axb5 29. Kg1 Na4 30. Nd4 Nxb2 31. Nxb5 Nd3 32. Rf1 Re2 33. Nf3 Rxa2 34. Rd1 Nf4 35. Rd2 Rxd2 36. Nxd2 Bxg2 37. Kf2 Bd5 38. Nc3 Bc6 39. Nc4 Ke7 40. Ne3 Ke6 41. Kg3 Nd5 42. Nexd5 Bxd5 43. Ne2 Ke5 44. h4 g5 45. hxg5 hxg5 46. Kg4 Be6+ 47. Kg3 f5 48. Kf3 Bd5+ 49. Ke3 f4+ 50. Kf2 g4 51. Kg1 Bc4 52. Nc3 Kd4 53. Nd1 g3 54. Kg2 Be2 55. Nb2 Ke3 56. Na4 f3+ 57. Kxg3 f2 0-1

[Event "BRA-ch Amateur"]
[Site "Sao Paulo"]
[Date "2013.02.11"]
[Round "5"]
[White "Rapouso, Ricardo Luis Borba"]
[Black "Dias da Silva, Adriano"]
[Result "1-0"]
[WhiteElo "1902"]
[BlackElo "2039"]
[PlyCount "69"]
[EventDate "2013.02.09"]
[EventType "swiss"]
[EventRounds "7"]
[EventCountry "BRA"]
[SourceTitle "CBM 152 Extra"]
[Source "ChessBase"]
[SourceDate "2013.02.25"]
[SourceVersion "1"]
[SourceVersionDate "2013.02.25"]
[SourceQuality "1"]

1. d4 Nf6 2. c4 e5 3. dxe5 Ng4 4. e4 Nxe5 5. f4 Ng6 6. Be3 Nc6 7. Nf3 Bb4+ 8. Nc3 d6 9. Bd3 Bg4 10. h3 Bxf3 11. Qxf3 Qf6 12. 0-0 Bxc3 13. bxc3 Qxc3 14. Rfd1 0-0 15. Rac1 Qf6 16. c5 dxc5 17. Rxc5 b6 18. Rh5 Nb4 19. e5 Qe7 20. Bb1 Rad8 21. Rf1 Nd5 22. Bc1 c5 23. Re1 Qc7 24. Qg3 Rfe8 25. Rg5 f6 26. Rxg6 hxg6 27. Bxg6 Re6 28. Qh4 Ne7 29. Qh7+ Kf8 30. Qh8+ Ng8 31. Bf5 Rc8 32. Bb2 c4 33. Ba3+ Re7 34. exf6 gxf6 35. Be6 1-0

[Event "BRA-ch Amateur"]
[Site "Sao Paulo"]
[Date "2013.02.09"]
[Round "2"]
[White "Dias da Silva, Adriano"]
[Black "Calixto, Roberto Carlos"]
[Result "1-0"]
[WhiteElo "2039"]
[BlackElo "1855"]
[PlyCount "55"]
[EventDate "2013.02.09"]
[EventType "swiss"]
[EventRounds "7"]
[EventCountry "BRA"]
[SourceTitle "CBM 152 Extra"]
[Source "ChessBase"]
[SourceDate "2013.02.25"]
[SourceVersion "1"]
[SourceVersionDate "2013.02.25"]
[SourceQuality "1"]

1. e4 c5 2. c3 d5 3. exd5 Qxd5 4. Nf3 Nc6 5. Na3 Nf6 6. Nb5 Qd8 7. d4 a6 8. Na3 cxd4 9. cxd4 e6 10. Nc2 Be7 11. Be2 0-0 12. 0-0 Bd7 13. Ne5 Nxe5 14. dxe5 Nd5 15. Ne3 Bc6 16. Bd2 Qc7 17. Nxd5 Bxd5 18. Bc3 Rfd8 19. Qc2 Qc6 20. f3 Bc5+ 21. Kh1 Rac8 22. a3 Bd4 23. Rac1 Bxe5 24. Bd3 Bf4 25. Bxh7+ Kh8 26. Bd3 Bxc1 27. Qxc1 f5 28. Qh6+ 1-0

[Event "Nova Odessa IRT Regional 3rd"]
[Site "Nova Odessa"]
[Date "2012.12.16"]
[Round "5.1"]
[White "Dias da Silva, Adriano"]
[Black "Pinto, Rendrex Lopes"]
[Result "0-1"]
[WhiteElo "2043"]
[BlackElo "1911"]
[PlyCount "62"]
[EventDate "2012.12.14"]
[EventType "swiss"]
[EventRounds "6"]
[EventCountry "BRA"]
[SourceTitle "EXT 2022"]
[Source "ChessBase"]
[SourceDate "2021.10.06"]
[SourceVersion "1"]
[SourceVersionDate "2021.10.06"]
[SourceQuality "1"]

1. e4 e6 2. d4 d5 3. exd5 exd5 4. Nf3 Bd6 5. Bd3 Ne7 6. Ne5 Bxe5 7. dxe5 Ng6 8. Qh5 Qe7 9. f4 Qh4+ 10. Qxh4 Nxh4 11. 0-0 Bf5 12. Nc3 c6 13. Be3 Nd7 14. Bf2 Bxd3 15. cxd3 Ng6 16. Bg3 f5 17. d4 Kf7 18. b4 Ngf8 19. b5 Ne6 20. bxc6 bxc6 21. Ne2 Nb6 22. Bh4 h5 23. Rab1 Rab8 24. h3 Nc4 25. Rxb8 Rxb8 26. g4 hxg4 27. hxg4 g6 28. gxf5 gxf5 29. Ng3 Nxd4 30. e6+ Kxe6 31. Re1+ Kd6 0-1

[Event "Nova Odessa 106 Anos 1st"]
[Site "Nova Odessa"]
[Date "2011.06.19"]
[Round "5.1"]
[White "Dias da Silva, Adriano"]
[Black "De Assis, Henrique Zerbini J"]
[Result "1/2-1/2"]
[WhiteElo "2048"]
[BlackElo "1660"]
[PlyCount "91"]
[EventDate "2011.06.04"]
[EventType "swiss"]
[EventRounds "6"]
[EventCountry "BRA"]
[SourceTitle "EXT 2022"]
[Source "ChessBase"]
[SourceDate "2021.10.06"]
[SourceVersion "1"]
[SourceVersionDate "2021.10.06"]
[SourceQuality "1"]

1. d4 Nf6 2. Nf3 b6 3. Bg5 Bb7 4. Nbd2 e6 5. e3 Be7 6. Bd3 d5 7. 0-0 0-0 8. Ne5 Nbd7 9. f4 c5 10. c3 a6 11. Qe1 h6 12. Bh4 b5 13. Ndf3 c4 14. Bc2 a5 15. Nxd7 Nxd7 16. Bxe7 Qxe7 17. Qd2 Bc6 18. Ne5 Nxe5 19. fxe5 Rfb8 20. Rfb1 Rb6 21. a3 Rab8 22. Qc1 b4 23. axb4 axb4 24. h3 b3 25. Bd1 Qb7 26. Ra5 Ra8 27. Rxa8+ Qxa8 28. Ra1 Ra6 29. Rxa6 Qxa6 30. Kf2 Qc8 31. Qa1 Qd8 32. g3 Qg5 33. Qb1 Qf5+ 34. Qxf5 exf5 35. Bf3 f6 36. exf6 g6 37. g4 fxg4 38. Bxg4 Kf7 39. Kg3 Kxf6 40. h4 g5 41. h5 Be8 42. Kf3 Bf7 43. Kg3 Be6 44. Bf3 Kf5 45. Bg4+ Kf6 46. Bf3 1/2-1/2

[Event "Francisco Beltrao IRT 1st"]
[Site "Francisco Beltrao"]
[Date "2009.06.13"]
[Round "6.2"]
[White "Zini, Jhone Marcelo"]
[Black "Dias da Silva, Adriano"]
[Result "1-0"]
[WhiteElo "2143"]
[BlackElo "2048"]
[PlyCount "63"]
[EventDate "2009.06.11"]
[EventType "swiss"]
[EventRounds "9"]
[EventCountry "BRA"]
[SourceTitle "EXT 2022"]
[Source "ChessBase"]
[SourceDate "2021.10.06"]
[SourceVersion "1"]
[SourceVersionDate "2021.10.06"]
[SourceQuality "1"]

1. e4 c6 2. c4 d5 3. cxd5 cxd5 4. exd5 Qxd5 5. Nc3 Qa5 6. d4 Nf6 7. Nf3 Bg4 8. h3 Bd7 9. Bc4 e6 10. Ne5 Bb4 11. Qf3 Nc6 12. Nxd7 Nxd7 13. 0-0 Nb6 14. Bb5 0-0 15. Bxc6 bxc6 16. Ne4 Qf5 17. Qe2 Rfd8 18. Ng3 Qb5 19. Qg4 Qd3 20. Rd1 Qg6 21. Qf3 Rac8 22. h4 Be7 23. h5 Qf6 24. Qe2 Rxd4 25. Rxd4 Qxd4 26. h6 Bf6 27. hxg7 Bxg7 28. Nh5 Be5 29. Be3 Qxb2 30. Qg4+ Kh8 31. Rd1 Qc2 32. Bd4 1-0